000 01627cam a22003977a 4500
003 CHAP
005 20220329135208.0
008 971013s1981 r 00010 d
010 _a32445
011 _a33417
035 _a37532
040 _cCHAP
082 _a630.71
_bM3
100 0 0 _aMata García, Bernardino.
_972863
245 1 4 _aLos trabajos de campo en la reformación del agrónomo, necesario
260 _aChapingo, Méx. :
_bUACH. Dirección de Difusión Cultural,
_c1981
300 _a77 p.
_b: ilus
490 0 _aColección cuadernos universitarios. Serie educación y universidad
_v; 1
500 _ac.7 en bodega
590 _aBATCH-UPD
_b10
_c20130110
_lUCH01
_h1926
590 _aBATCH-UPD
_b10
_c20130410
_lUCH01
_h1251
590 _aBATCH-UPD
_b10
_c20130914
_lUCH01
_h1240
590 _aCONVERSION
_b10
_c20130109
_lUCH01
_h1318
650 1 4 _aEducación agrícola.
_935491
650 1 4 _aEducación agrícola
_zMéxico.
_935552
650 1 4 _aExtensión agrícola
_xMéxico.
_939173
830 0 _aColección cuadernos universitarios. Serie educación y universidad
_v; 1
_924773
901 _aBK
942 _cLIBRO
949 _a630.71 M3
_bBC
_cLIBRO
_d33724000033494
_eLIBRO
_h56178
_i37532
_mD
_si
949 _a630.71 M3
_bBC
_cLIBRO
_d33724000033502
_eLIBRO
_fc.2
_h56179
_i37532
_mD
_si
949 _a630.71 M3
_bBC
_cLIBRO
_d33724000033510
_eLIBRO
_fc.3
_h56180
_i37532
_mD
_si
949 _a630.71 M3
_bBC
_cLIBRO
_d33724000033528
_eLIBRO
_fc.4
_h56181
_i37532
_mD
_si
949 _a630.71 M3
_bBC
_cLIBRO
_d33724000033536
_eLIBRO
_fc.5
_h56182
_i37532
_mD
_si
949 _a630.71 M3
_bBC
_cUACH
_d-86057
_eUACH
_fc.6
_h56183
_i37532
_mD
_si
999 _c32445
_d32445